Sociología del derecho.

Salvato in:
Dettagli Bibliografici
Autore principale: Gurvitch, Georges (autor)
Altri autori: Romera Vera, Ángela (traducción, prólogo)
Natura: Libro
Lingua:spagnolo
Pubblicazione: Rosario, Argentina: Rosario, 1945.
Soggetti:
Tags: Aggiungi Tag
Nessun Tag, puoi essere il primo ad aggiungerne!!

MARC

LEADER 00000nam a2200000 a 4500
001 UCV1809
003 CL-VaPUC
005 20211221074229.0
008 910322e19450000AG |||||||||||||||||spa|d
999 |c 209609  |d 209607 
040 |c Pontificia Universidad Católica de Valparaíso 
082 0 4 |a 340.115 GUR 1945  |2 21 
100 |a Gurvitch, Georges  |e autor  |9 519133 
245 1 0 |a Sociología del derecho. 
260 |a Rosario, Argentina:  |b Rosario,   |c 1945. 
300 |a 342 páginas.  
500 |a c.3 Donación Familia Prof. Alejandro Guzmán Brito. 
583 |a last modification  |c 19910322 00:00:00  |k Rodrigo Vera 
650 0 |a Sociología del derecho  |x Fuentes  |9 254890 
700 |a Romera Vera, Ángela   |e traducción  |e prólogo  |9 865361 
942 |c BK  |2 ddc 
945 |d 19910322 00:00:00 
952 |0 0  |1 0  |4 0  |6 340_115000000000000_GUR_1945  |7 0  |8 DER_TF  |9 185123  |a BIBDER  |b BIBDER  |d 2019-11-14  |i 1910124  |o 340.115 GUR 1945  |p 1910124  |r 2023-01-25  |w 2019-11-14  |x Ubicación 4to Piso  |y BK  |z Estos recursos deben solicitarse con anticipación  |k DER